000 00312nam a22001217a 4500
008 230703b xxu||||| |||| 00| 0 eng d
082 _a348.
_bCLB 1989
245 _aCommonwealth Law Bulletin
260 _bCommonwealth Secretariat
_c1989
300 _aXL,621p
440 _n1 and 2
_v22
_x03050718
942 _2ddc
_cBK
999 _c3154
_d3154